SzentGyörgyi Albert

Elmentve itt :
Bibliográfiai részletek
Dokumentumtípus: Cikk
Megjelent: 1937-10-30
Sorozat:Délmagyarország : politikai napilap 13 No. 248
Kulcsszavak:Szent-Györgyi Albert, Nobel-díj - 1937, Szeged díszpolgára, C-vitamin
Online Access:http://misc.bibl.u-szeged.hu/47115
LEADER 00740nab a2200181 i 4500
001 misc47115
005 20250404101812.0
008 210208s1937 hu o 000 hun d
040 |a SZTE Miscellanea Repozitórium  |b hun 
041 |a hun 
245 0 0 |a SzentGyörgyi Albert  |h [elektronikus dokumentum] 
260 |c 1937-10-30 
300 |a 1 
300 |a Szent-Györgyi Albert Nobel-díja az 1937/38-as sajtóhíradások tükrében : újságkivágat-album, f. 12r. 
490 0 |a Délmagyarország : politikai napilap  |v 13 No. 248 
561 |a Szent-Györgyi Albert újságkivágat-album 
695 |a Szent-Györgyi Albert, Nobel-díj - 1937, Szeged díszpolgára, C-vitamin 
856 4 0 |u http://misc.bibl.u-szeged.hu/47115/1/012_003.pdf  |z Dokumentum-elérés